header

A user's manual to the PMBOK guide-- fifth edition (Record no. 181026)

MARC details
000 -LEADER
fixed length control field 01329nam a2200337 a 4500
082 04 - DEWEY DECIMAL CLASSIFICATION NUMBER
Classification number 658.404
100 1# - MAIN ENTRY--AUTHOR NAME
Personal name Snyder, Cynthia Stackpole.
245 12 - TITLE STATEMENT
Title A user's manual to the PMBOK guide-- fifth edition
250 ## - EDITION STATEMENT
Edition statement 2nd ed.
260 ## - PUBLICATION, DISTRIBUTION, ETC. (IMPRINT)
Place of publication Hoboken, N.J. :
Name of publisher J. Wiley,
Year of publication 2013.
300 ## - PHYSICAL DESCRIPTION
Number of Pages xi, 303 p. :
Other physical details ill.
500 ## - GENERAL NOTE
General note "Updated for use with the fifth edition"--cover.
General note Includes index.
650 #0 - SUBJECT ADDED ENTRY--TOPICAL TERM
Topical Term Project management.
Topical Term Project management
856 40 - ELECTRONIC LOCATION AND ACCESS
Uniform Resource Identifier http://site.ebrary.com/lib/rucke/Doc?id=10657579

No items available.

© 2026 Rongo University
Contact us: librarian | system librarian | Rongo university